• 首页
  • 本馆介绍
  • 公告通知
  • 最新文献
  • 馆藏检索
  • 电子资源
  • 读者导购
  • 参考咨询
  • 我的图书馆
  • 登录
  • 详细信息显示
  • 放入我的书架
  • 预约/预借图书
  • 作者相关作品
  • 分类相关作品
  • 丛书相关作品
  • 出版社相关作品

书目信息

  • 表格格式
  • 工作单格式
  • 卡片格式
题名:
你们是你们,我是我
    
 
作者: 俞鸥洋 , 王心悦 著
分册:  
出版信息: 北京   中国经济出版社  2013
页数: 286页
开本: 24cm
丛书名:
单 册:
中图分类: G78-49
科图分类:
主题词: 家庭教育--通俗读物 , 家庭教育
电子资源:
ISBN: 978-7-5136-2224-0
000 00984nam0 2200277 450
001 012001004209
005 20130128111349.0
010    @a978-7-5136-2224-0@dCNY38.00
090    @aG78@byoy
100    @a20140429d2013 em y0chiy50 ea
101 0  @achi
102    @aCN@b110000
105    @ay z 000yy
106    @ar
200 1  @a你们是你们,我是我@9ni men shi ni men , wo shi wo@e孩子们写给父母的亲笔书稿@f俞鸥洋,王心悦等著
210    @a北京@c中国经济出版社@d2013
215    @a286页@d24cm
330    @a本书从孩子的角度入手,以符合孩子的天性和个性的视角,还原亲子相处的具体情境,真实表达孩子们的心声,让父母了解孩子们心里的话,成为孩子最贴心的父母。
517 1  @a孩子们写给父母的亲笔书稿@9hai zi men xie gei fu mu de qin bi shu gao
606 0  @a家庭教育@j通俗读物
606 0  @a家庭教育
690    @aG78-49@v5
701  0 @a俞鸥洋@9yu ou yang@4著
701  0 @a王心悦@9wang xin yue@c(女)@4著
801  0 @aCN@b江苏凤凰@c20191020
905    @b1219638-41@dG78-49@e1095@f4
    
    你们是你们,我是我:孩子们写给父母的亲笔书稿/俞鸥洋,王心悦等著.-北京:中国经济出版社,2013
    286页;24cm
    
    
    ISBN 978-7-5136-2224-0:CNY38.00
    本书从孩子的角度入手,以符合孩子的天性和个性的视角,还原亲子相处的具体情境,真实表达孩子们的心声,让父母了解孩子们心里的话,成为孩子最贴心的父母。
●
相关链接 在E读中查询图书 在五车中查询图书 在当当中查询图书 在豆瓣中查询图书


正题名:你们是你们,我是我     索取号:G78-49/1095         预约/预借

序号 登录号 条形码 馆藏地/架位号 状态 备注
1 1219638   212196381   第一样本阅览室/ [索取号:G78-49/1095] 在馆    
2 1219639   212196390   教育系资料室/ [索取号:G78-49/1095] 在馆    
3 1219640   212196407   教育系资料室/ [索取号:G78-49/1095] 在馆    
4 1219641   212196416   第四借阅区/ [索取号:G78-49/1095] 在馆    
唐山师范学院图书馆 欢迎您!
大连网信软件有限公司© 版权所有